000 00541nam a22001697a 4500
005 20251108170959.0
008 250721s1997 xx 000 0 ara d
082 1 4 _aط/597.6/صبح
100 1 _aشلش، صبحي عمران
245 1 0 _aالبرمائيات /
264 1 _aعمان :
_bمؤسسة المجلس العربي للعلوم و الطب و التكنولوجيا،
_c1997.
300 _a48ص
490 0 _aسلسلة الثقافة العلمية
650 1 7 _aالبرمائيات
942 _2ddc
_cBK
999 _c53588
_d53588